<?xml version="1.0" encoding="UTF-8"?>
<collection xmlns="http://www.loc.gov/MARC21/slim">
  <record>
    <leader>00000nam  2200000   4500</leader>
    <controlfield tag="001">INLIS000000000000698</controlfield>
    <controlfield tag="005">20180724135824</controlfield>
    <controlfield tag="008">180724|||||||||   |   |||   |||| ||   | </controlfield>
    <datafield tag="035" ind1=" " ind2=" ">
      <subfield code="0">010-0718000698</subfield>
    </datafield>
    <datafield tag="041" ind1=" " ind2=" ">
      <subfield code="a">id</subfield>
    </datafield>
    <datafield tag="082" ind1=" " ind2=" ">
      <subfield code="a">019</subfield>
    </datafield>
    <datafield tag="090" ind1=" " ind2=" ">
      <subfield code="a">R 019 PIM I 2015</subfield>
    </datafield>
    <datafield tag="100" ind1=" " ind2=" ">
      <subfield code="a">Nurwinah</subfield>
    </datafield>
    <datafield tag="245" ind1=" " ind2=" ">
      <subfield code="a">Penguatan Peran Jaksa Pengacara Negara dalam rangka Penigkatan Penyelamatan dan Pemulihan Keuangan Negara melalui Bidang Perdata dan Tata Usaha Negara</subfield>
    </datafield>
    <datafield tag="260" ind1=" " ind2=" ">
      <subfield code="a">Jakarta</subfield>
      <subfield code="b">LAN Jakarta</subfield>
      <subfield code="c">2015</subfield>
    </datafield>
    <datafield tag="300" ind1=" " ind2=" ">
      <subfield code="a">67 hlm.,lamp</subfield>
    </datafield>
    <datafield tag="500" ind1=" " ind2=" ">
      <subfield code="a">Proyek Perubahan telah menghasilkan beberapa konsep Peraturan Jaksa Agung R.I. untuk penguatan peran Jaksa Pengacara Negara. Dalam rangka peningkatan penyelamatan dan pemulihan keuangan Negara serta Peraturan Jaksa Agung tentang Standar Operasional Prosedur Sumber Daya Manusia di Bidang Perdata dan Tata Usaha Negara untuk memberikan pedoman bagi Jaksa Pengacara Negara untuk memberikan pedoman bagi Jaksa Pengacara Negara di lingkungan Kejaksaan Republik Indonesia dalam melaksanakan tugas dan fungsinya serta wewenangnya berupa bantuan hukum, penegakan hukum serta pelayanan hukum, pertimbangan hukum dan tindakan hukum lain dan peraturan Jaksa Agung tersebut, untuk dapat tercapainya kesamaan persepsi terhadap pengertian dan pemahaman fungsi dan tugas bidang perdata dan tata usaha Negara, terciptanya dan terwujudnya kemudahan, kelancaran pelaksanaan oleh Jaksa Pengacara Negara (JPN) agar dapat bekerja secara cepat , tepat, tuntas dan bermanfaat serta permasalahan bidang Perdata dan Tata Usaha Negara dapat terselesaikan dan membawa manfaat bagi Pemberi Kuasa dan bertanggung jawab.</subfield>
    </datafield>
    <datafield tag="650" ind1=" " ind2=" ">
      <subfield code="a">Pengecara Negara</subfield>
    </datafield>
  </record>
</collection>
